| 000 | 00328nam a2200121Ia 4500 | ||
|---|---|---|---|
| 008 | 191201s2019 xx 000 0 und d | ||
| 100 | _aUMAMAHESHWARI,B | ||
| 245 | 0 | _aText Book of human anatomy & Physiology | |
| 260 |
_bBirla Pub _aNew Delhi _c2019 |
||
| 300 | _a216 | ||
| 650 | _aHuman Anatomy & Physiology | ||
| 942 |
_2ddc _cBK _016 |
||
| 999 |
_c8267 _d8267 |
||